00467pab a2200157 454500008004000000100002000040245011900060260000900179300001500188362001200203650001100215650001700226650002500243700001500268773002600283180718b2014 xxu||||| |||| 00| 0 eng d aKarunanidhi, S. aInfluence of select psychosocial factors on the occupational stress and psychological wellbeing among women police c2014 ap.149-178. aJul-Sep aPolice aWomen police aOccupational disease aChitra, T. aIndian Police Journal